000 00703nam a2200229Ia 4500
003 OSt
005 20220923221713.0
006 a|||||r|||| 00| 0
007 ta
008 220922b |||||||| |||| 00| 0 hin d
024 _a199,497
037 _cTextual
040 _aARTS
_cARTS
_bhin
041 _2hin
_ahin
082 _aQ111:22, 152H9
100 _aउपाध्याय, गंगाप्रसाद
245 0 _aऋग्वेदीय ऐतरेय ब्राझण
246 _aṚugvedīya aitareya brāzaṇa
260 _c1989
942 _hQ111:22, 152H9
_cTEXL
_2CC
999 _c351237
_d351237